Packagin Textiles (Record no. 12911)

MARC details
000 -LEADER
fixed length control field 00419nam a22001577a 4500
008 - FIXED-LENGTH DATA ELEMENTS--GENERAL INFORMATION
fixed length control field 241001b |||||||| |||| 00| 0 eng d
020 ## - INTERNATIONAL STANDARD BOOK NUMBER
International Standard Book Number 9788197583681
082 ## - DEWEY DECIMAL CLASSIFICATION NUMBER
Classification number 677.027
Item number YAP
100 ## - MAIN ENTRY--PERSONAL NAME
Personal name YADAV, Kuldeep
245 ## - TITLE STATEMENT
Title Packagin Textiles
260 ## - PUBLICATION, DISTRIBUTION, ETC. (IMPRINT)
Place of publication, distribution, etc Ghaziabad:
Name of publisher, distributor, etc Northern India Textile Research Association,
Date of publication, distribution, etc 2024.
300 ## - PHYSICAL DESCRIPTION
Extent 78p.
650 ## - SUBJECT ADDED ENTRY--TOPICAL TERM
Topical term or geographic name as entry element Textile
700 ## - ADDED ENTRY--PERSONAL NAME
Personal name Arindam Basu (Ed.)
942 ## - ADDED ENTRY ELEMENTS (KOHA)
Source of classification or shelving scheme Dewey Decimal Classification
Koha item type Text Books
Holdings
Withdrawn status Lost status Source of classification or shelving scheme Damaged status Not for loan Collection code Home library Current library Date acquired Source of acquisition Currency Cost, normal purchase price Bill Number Total Checkouts Full call number Acc. no. / Barcode Date last seen Actual Cost, discounted price Bill Date Koha item type
    Dewey Decimal Classification   Not For Loan B.Tech(TE) PIET C-LIBRARY PIET C-LIBRARY 01/10/2024 NITRA GZB INR 50.00 NITRA/LIB/BILL/2024-25/29   677.027 YAP 38496 01/10/2024 50.00 16/09/2024 Reference Books
    Dewey Decimal Classification     B.Tech(TE) PIET C-LIBRARY PIET C-LIBRARY 01/10/2024 NITRA GZB INR 50.00 NITRA/LIB/BILL/2024-25/29   677.027 YAP 38497 01/10/2024 50.00 16/09/2024 Text Books

Design & Developed by: PIET Central Library
R70 Miles Stone Pattikalyana Samalkha Panipat 132102
mail ID :- [email protected], Phone No:- 0180-2569700 Ex.216